000 00227 a2200097 4500
001 6051
100 _aKarn, H W
245 _aReadings in industrial and Business Phychology.
260 _a
_bMcGraw-Hill
_c
090 _c4951
_d4951
942 _aNUST-CAE
_cM
_c31324
999 _c241124
_d241124